000 00318 a2200145 4500
003 Nust
005 20170207153534.0
040 _cNust
082 _a891.439
100 _a shahab, qudrat ullah
245 _ashahab Nagar
_c Qudrat ullah shahab
260 _aLahore
_bJang Pub
300 _a663;p
650 _aUrdu Literature
942 _2ddc
_cBK
999 _c188132
_d188132